African Countries by Area-In Order - Statistics

General Stats
  • This quiz has been taken 678 times
  • The average score is 27 of 54
Answer Stats
Area Country % Correct
2,381,741 Algeria
100%
2,344,858 D.R. Congo
100%
1,861,484 Sudan
97%
1,759,540 Libya
95%
1,284,000 Chad
94%
1,267,000 Niger
89%
1,246,700 Angola
85%
1,240,192 Mali
85%
1,221,037 South Africa
83%
1,104,300 Ethiopia
81%
1,002,450 Egypt
79%
1,030,700 Mauritania
78%
945,087 Tanzania
73%
825,615 Namibia
71%
923,768 Nigeria
70%
801,590 Mozambique
66%
752,612 Zambia
59%
644,329 South Sudan
55%
637,657 Somalia
53%
452 Seychelles
51%
587,041 Madagascar
50%
622,984 Central African Republic
49%
581,730 Botswana
48%
1,862 Comoros
47%
580,367 Kenya
47%
964 Sao Tome and Principe
47%
2,040 Mauritius
45%
4,033 Cape Verde
44%
446,550 Morocco
39%
11,295 Gambia
38%
390,757 Zimbabwe
38%
475,442 Cameroon
37%
17,364 Eswatini
34%
23,200 Djibouti
32%
342,000 R. Congo
31%
274,222 Burkina Faso
30%
267,668 Gabon
30%
27,834 Burundi
29%
26,338 Rwanda
29%
56,785 Togo
29%
241,550 Uganda
29%
114,763 Benin
28%
238,533 Ghana
28%
322,463 Ivory Coast
28%
30,355 Lesotho
28%
28,051 Equatorial Guinea
26%
245,857 Guinea
25%
36,125 Guinea-Bissau
24%
118,484 Malawi
23%
163,610 Tunisia
23%
117,600 Eritrea
22%
111,369 Liberia
22%
196,722 Senegal
22%
71,740 Sierra Leone
21%
No matching quizzes found
Score Distribution
Percent of People with Each Score
Percentile by Number Answered
Your Score History
You have not taken this quiz